MapRQL: SPARQL over MapReduce (Record no. 12242)
[ view plain ]
| 000 -LEADER | |
|---|---|
| fixed length control field | 00499nam a2200169 4500 |
| 003 - CONTROL NUMBER IDENTIFIER | |
| control field | NUST |
| 038 ## - RECORD CONTENT LICENSOR | |
| Staff Name | Attaullah |
| 082 ## - DEWEY DECIMAL CLASSIFICATION NUMBER | |
| Classification number | PhD-IT FAR |
| 100 ## - MAIN ENTRY--PERSONAL NAME | |
| Personal name | Farah Karim |
| 9 (RLIN) | 19812 |
| 245 ## - TITLE STATEMENT | |
| Title | MapRQL: SPARQL over MapReduce |
| 260 ## - PUBLICATION, DISTRIBUTION, ETC. | |
| Place of publication, distribution, etc. | Islamabad |
| Name of publisher, distributor, etc. | Nust School of Electrical Engineering and computer Science |
| 300 ## - PHYSICAL DESCRIPTION | |
| Extent | 48 P |
| Accompanying material | CD-ROM |
| 500 ## - GENERAL NOTE | |
| General note | Supervisor;Dr.Khalid Latif |
| 700 ## - ADDED ENTRY--PERSONAL NAME | |
| Personal name | Farah Khalid |
| 9 (RLIN) | 19813 |
| 856 ## - ELECTRONIC LOCATION AND ACCESS | |
| Uniform Resource Identifier | <a href="http://10.250.8.41:8080/xmlui/handle/123456789/9835">http://10.250.8.41:8080/xmlui/handle/123456789/9835</a> |
| 942 ## - ADDED ENTRY ELEMENTS (KOHA) | |
| Koha item type | Project Report |
| Source of classification or shelving scheme | |
| Withdrawn status | Lost status | Source of classification or shelving scheme | Damaged status | Not for loan | Permanent Location | Current Location | Shelving location | Date acquired | Total Checkouts | Full call number | Barcode | Date last seen | Price effective from | Koha item type |
|---|---|---|---|---|---|---|---|---|---|---|---|---|---|---|
| Central Library (CL) | Central Library (CL) | General Stacks | 12/17/2013 | MS-IT FAR | SEECSP01281 | 12/17/2013 | 12/17/2013 | Project Report | ||||||
| Central Library (CL) | Central Library (CL) | Thesis | 09/01/2019 | 005 | CL-T-3215 | 09/01/2019 | 09/01/2019 | Thesis |
